| 000 | 00955cad a22001935a 4500 | ||
|---|---|---|---|
| 001 | L157840 | ||
| 008 | 130531s2013 xxk f 000 0 eng d | ||
| 035 | _a(Sirsi) u157840 | ||
| 041 | 0 | _aeng | |
| 110 | 2 |
_aUnited Kingdom _bDepartment of Energy and Climate Change _95850 |
|
| 245 | 0 | 0 |
_aRenewable heat incentive _bNon domestic scheme early tariff review _h[electronic resource] |
| 260 |
_aLondon _bDECC _c2013 |
||
| 520 | _aDECC is consulting on increasing the tariff levels for heat generated by ground source heat pumps, large biomass and solar thermal kit accredited under the Governments Renewable Heat Incentive scheme. The consultation will close on 28 June 2013. | ||
| 590 | _aKA | ||
| 651 | 4 | _aUnited Kingdom | |
| 690 |
_aEnergy _96237 |
||
| 856 | 4 | 0 |
_uhttps://www.gov.uk/government/uploads/system/uploads/attachment_data/file/204271/Tariff_Review_Consultation_for_PUBLICATION.pdf _zView the consultation free of charge at www.gov.uk |
| 942 | _n0 | ||
| 999 |
_c114994 _d114994 |
||